<?xml version="1.0" encoding="UTF-8"?>
<marc:record xmlns:marc="http://www.loc.gov/MARC21/slim">
   <marc:leader>00000nam a2200000 a 4500</marc:leader>
   <marc:datafield ind1="1" ind2=" " tag="100">
      <marc:subfield code="a">Möhring, Hannes</marc:subfield>
      <marc:subfield code="4">aut</marc:subfield>
      <marc:subfield code="e">Verfasser/-in</marc:subfield>
   </marc:datafield>
   <marc:datafield ind1=" " ind2=" " tag="653">
      <marc:subfield code="a">f||Biographie</marc:subfield>
   </marc:datafield>
   <marc:datafield ind1=" " ind2=" " tag="653">
      <marc:subfield code="a">p||Saladin &lt;Aijubidenreich</marc:subfield>
   </marc:datafield>
   <marc:datafield ind1=" " ind2=" " tag="653">
      <marc:subfield code="a">Sultan</marc:subfield>
   </marc:datafield>
   <marc:datafield ind1=" " ind2=" " tag="653">
      <marc:subfield code="a">&gt;</marc:subfield>
   </marc:datafield>
   <marc:datafield ind1=" " ind2=" " tag="653">
      <marc:subfield code="a">f||Biografie</marc:subfield>
   </marc:datafield>
   <marc:datafield ind1="0" ind2="0" tag="245">
      <marc:subfield code="a">Saladin</marc:subfield>
   </marc:datafield>
   <marc:datafield ind1="0" ind2="0" tag="245">
      <marc:subfield code="b">der Sultan und seine Zeit ; 1138 - 1193</marc:subfield>
   </marc:datafield>
   <marc:datafield ind1="0" ind2="0" tag="245">
      <marc:subfield code="c">Hannes Möhring</marc:subfield>
   </marc:datafield>
   <marc:datafield ind1=" " ind2="1" tag="264">
      <marc:subfield code="a">München</marc:subfield>
      <marc:subfield code="b">Beck</marc:subfield>
      <marc:subfield code="c">2012</marc:subfield>
   </marc:datafield>
   <marc:datafield ind1="1" ind2=" " tag="490">
      <marc:subfield code="a">Beck'sche Reihe</marc:subfield>
      <marc:subfield code="v">2386 : C. H. Beck Wissen</marc:subfield>
   </marc:datafield>
   <marc:datafield ind1=" " ind2=" " tag="250">
      <marc:subfield code="a">Orig.-Ausg., 2., durchges. Aufl.</marc:subfield>
   </marc:datafield>
   <marc:datafield ind1="1" ind2=" " tag="520">
      <marc:subfield code="a">Sultan Saladin von Ägypten und Syrien war der bedeutendste Gegner der Kreuzfahrer, der 1187 Jerusalem eroberte. In Europa galt er lange als Urbild des &#x84;edlen Heiden&#x93; und aufgeklärter, toleranter Herrscher. Hannes Möhring beschreibt das Leben Saladins und seinen Aufstieg zum mächtigsten Mann im Nahen Osten. Er stellt seine Rolle in den Kreuzzügen dar und geht den Grundlagen der europäischen Saladin-Legende nach.</marc:subfield>
   </marc:datafield>
   <marc:datafield ind1=" " ind2=" " tag="020">
      <marc:subfield code="a">9783406508868</marc:subfield>
      <marc:subfield code="9">9783406508868</marc:subfield>
   </marc:datafield>
   <marc:datafield ind1=" " ind2=" " tag="041">
      <marc:subfield code="a">ger</marc:subfield>
   </marc:datafield>
   <marc:datafield ind1=" " ind2=" " tag="500">
      <marc:subfield code="a">Literaturangaben</marc:subfield>
   </marc:datafield>
   <marc:datafield ind1=" " ind2=" " tag="300">
      <marc:subfield code="a">128 S., Kt.</marc:subfield>
   </marc:datafield>
</marc:record>
